Wszystkie współczesne państwa kontrolowane przez Arabów (z mapą) - Statystyki

Ogólne statystyki
  • Ten quiz został rozwiązany 3 946 razy
  • Średni wynik to 56 z 63
Odpowiedzi na mapie
Odpowiedzi zakodowano w zielono-czerwonej skali na mapie do tego quizu, zgodnie z poniższymi procentami.
 
Statystyki odpowiedzi
Państwo % Poprawnych
Egipt
98%
Francja
98%
Hiszpania
98%
Portugalia
98%
Turcja
98%
Algieria
97%
Arabia Saudyjska
97%
Irak
97%
Iran
97%
Maroko
97%
Andora
96%
Oman
96%
Tunezja
96%
Włochy
96%
Cypr
95%
Izrael
95%
Jemen
95%
Libia
95%
Zjednoczone Emiraty Arabskie
95%
Afganistan
94%
Armenia
94%
Gruzja
94%
Katar
94%
Pakistan
94%
Sudan
94%
Syria
94%
Azerbejdżan
93%
Grecja
93%
Indie
93%
Jordania
93%
Tadżykistan
93%
Liban
92%
Turkmenistan
92%
Uzbekistan
92%
Kuwejt
91%
Kazachstan
90%
Kirgistan
90%
Rosja
90%
Sudan Południowy
90%
Bahrajn
89%
Niger
89%
Nigeria
88%
Czad
87%
Etiopia
87%
Mali
87%
Somalia
87%
Demokratyczna Republika Konga
86%
Mauretania
86%
Erytrea
83%
Kenia
83%
Tanzania
80%
Dżibuti
79%
Malta
79%
Kamerun
77%
Mozambik
77%
Chorwacja
76%
Madagaskar
76%
Republika Środkowoafrykańska
75%
Burkina Faso
71%
Benin
70%
Zambia
68%
Komory
67%
Burundi
62%
Nie znaleziono quizów pasujących do podanych kryteriów
Rozkład punktacji
Procent ludzi z każdym wynikiem
Percentyl według liczby udzielonych odpowiedzi
Twoja historia wyników
Nie rozwiązałeś tego quizu